| 000 | 00527nam a22001697a 4500 | ||
|---|---|---|---|
| 003 | SISC | ||
| 005 | 20161124090100.0 | ||
| 008 | 161124b xxu||||| |||| 00| 0 eng d | ||
| 020 | _a9781530237500 | ||
| 050 |
_aTK 5103.4885 _b.D925 2016 |
||
| 100 | _aDunphy, Chris. | ||
| 245 |
_aThe mobile internet handbook / _cby Chris Dunphy & Cherie Ve Ard with guest author Jack Mayer. |
||
| 250 | _a2016 U.S. RVers Edition. | ||
| 300 |
_aviii, 241 pages : _billustrations ; _c22 cm. |
||
| 500 | _aIncludes glossary. | ||
| 942 |
_2lcc _cBK |
||
| 999 |
_c305289 _d305289 |
||